| 000 | 00000nam 2200000zi 4500 |
| 001 | 9.936340 |
| 003 | CaOODSP |
| 005 | 20240404150158 |
| 006 | m o d f |
| 007 | cr mn||||||||| |
| 008 | 240404e198406 onc o f000 0 fre d |
| 040 | |aCaOODSP|bfre|erda|cCaOODSP |
| 043 | |an-cn--- |
| 086 | 1 |aC21-37/24-1-1984F-PDF |
| 245 | 00|aRéponse du gouvernement fédéral aux recommandations du Groupe de travail sur l'industrie de la pétrochimie. |
| 264 | 1|a[Ottawa] : |bGouvernement du Canada, Expansion industrielle régionale = Government of Canada, Regional Industrial Expansion, |cjuin 1984. |
| 300 | |a1 ressource en ligne (13 pages) |
| 336 | |atexte|btxt|2rdacontent/fre |
| 337 | |ainformatique|bc|2rdamedia/fre |
| 338 | |aressource en ligne|bcr|2rdacarrier/fre |
| 500 | |aPublié aussi en anglais sous le titre : Federal government response to the recommendations of the Petrochemical Industry Task Force. |
| 500 | |aÉdition numérisée de l'imprimé [par Innovation, sciences et développement économique Canada]. |
| 650 | 6|aIndustrie pétrochimique|zCanada. |
| 650 | 6|aPolitique industrielle|zCanada. |
| 710 | 1 |aCanada. |bMinistère de l'expansion industrielle régionale, |eorganisme de publication. |
| 775 | 08|tFederal government response to the recommendations of the Petrochemical Industry Task Force.|w(CaOODSP)9.897385 |
| 856 | 40|qPDF|s458 Ko|uhttps://publications.gc.ca/collections/collection_2024/isde-ised/c21/C21-37-24-1-1984-fra.pdf |